[De prácticas en Espaňa]

Recenzia na knihu Praktická španielčina.

Enregistré dans:
Détails bibliographiques
Auteur principal: Paľková, Jana
Format: Chapitre de livre
Langue:espagnol
Sujets:
Tags: Ajouter un tag
Pas de tags, Soyez le premier à ajouter un tag!

MARC

LEADER 00000naa a2200000 4500
001 0227531
005 20170717105646.7
041 0 |a spa 
044 |a SK 
245 1 0 |a [De prácticas en Espaňa]  |c Jana Paľová 
520 |a Recenzia na knihu Praktická španielčina. 
610 2 0 |a recenzie 
610 2 0 |a jazyky cudzie 
610 2 0 |a španielčina 
100 1 |a Paľková, Jana